| 000 | 00569nam a2200193Ia 4500 | ||
|---|---|---|---|
| 003 | LK-CoDNM | ||
| 008 | 010623t2000 xxu||||| |||| 00| 1 sin d | ||
| 040 |
_aLK-CoDNM _dLK-CoDNM _eLK-CoDNM |
||
| 041 | _asin | ||
| 080 | _a159.9 JAY | ||
| 100 | _aJayawardhana,Tissa. | ||
| 245 | _aපුනරුත්පත්ති සාධක වෛද්ය විද්යාවට | ||
| 246 | _aPunaruthpaththi Sadaka Waidya Vidyawata | ||
| 260 |
_bSadeepa _aColombo _c2000 |
||
| 300 | _b146p,pl., 21 cm | ||
| 650 | _aPsychology | ||
| 650 | _aRebirth | ||
| 942 | _cBK | ||
| 999 |
_c120451 _d120451 |
||